[Event "2BLS 1819 SC Eppingen - TSV Schönaich"]
[Site "?"]
[Date "2018.12.16"]
[Round "4.4"]
[White "Medvegy, Zoltan"]
[Black "Hirneise, Tobias"]
[Result "1/2-1/2"]
[WhiteElo "2536"]
[BlackElo "2464"]
[PlyCount "144"]
[EventDate "2018.??.??"]

1. c4 g6 2. g3 c5 3. Bg2 Bg7 4. Nc3 Nc6 5. Nf3 d6 6. O-O Bf5 7. b3 Qd7 8. Bb2
e5 9. Nd5 Nf6 10. Nh4 Bh3 11. f4 Bxg2 12. Nxg2 O-O 13. f5 Nxd5 14. cxd5 Nd4 15.
f6 Bh6 16. e3 Nb5 17. Qf3 Rfe8 18. d3 a5 19. a4 Nc7 20. g4 b5 21. h4 bxa4 22.
bxa4 Reb8 23. Bc3 Rb3 24. Rfc1 Na6 25. g5 Bf8 26. Bxa5 Rxd3 27. Qe4 Qf5 28.
Qxf5 gxf5 29. Rf1 Rxd5 30. Rxf5 c4 31. Bb6 Nc5 32. a5 Nb3 33. Ra2 Rb5 34. e4 c3
35. Ne3 Nd2 36. Nd5 Nxe4 37. Ne7+ Kh8 38. Rg2 Rb8 39. Rf1 Nd2 40. Rc1 Nf3+ 41.
Kh1 Rb4 42. Rg3 Rxh4+ 43. Kg2 e4 44. Rh3 Rg4+ 45. Rg3 Rh4 46. Rxc3 Rh2+ 47. Kf1
d5 48. Nxd5 Bd6 49. Rg2 Rh1+ 50. Ke2 Re1+ 51. Kf2 Rd1 52. Ke3 Rxd5 53. Kxe4
Rxg5 54. Kxf3 Rf5+ 55. Ke4 Rf4+ 56. Kd5 Bb4 57. Rh3 Rxf6 58. Bd4 Rd8+ 59. Kc4
Rxd4+ 60. Kxd4 Bxa5 61. Ke5 Re6+ 62. Kf5 Bd8 63. Ra3 h6 64. Ra8 Rd6 65. Ra7 Bg5
66. Rxf7 Kg8 67. Rb7 Rf6+ 68. Kg4 Rf7 69. Rb6 Rf6 70. Rb4 Kf7 71. Kh5 Rf1 72.
Rxg5 hxg5 1/2-1/2

[Event "2BLS 1819 SC Eppingen - TSV Schönaich"]
[Site "?"]
[Date "2018.12.16"]
[Round "4.5"]
[White "Hirneise, Jens"]
[Black "Juhasz, Armin"]
[Result "1/2-1/2"]
[WhiteElo "2371"]
[BlackElo "2375"]
[PlyCount "83"]
[EventDate "2018.??.??"]

1. e4 c6 2. d4 d5 3. exd5 cxd5 4. c4 Nf6 5. Nc3 e6 6. Nf3 Be7 7. cxd5 Nxd5 8.
Bc4 Nxc3 9. bxc3 Qc7 10. Qe2 O-O 11. O-O Nd7 12. Bd2 Bd6 13. Rfe1 b6 14. Ba6
Bxa6 15. Qxa6 Rac8 16. a4 Nb8 17. Qb5 Bf4 18. Bxf4 Qxf4 19. a5 Rxc3 20. axb6
axb6 21. Qxb6 Nc6 22. Red1 Ne7 23. Qb2 Rfc8 24. Qd2 Nd5 25. Qxf4 Nxf4 26. h4 f6
27. Re1 Kf7 28. Re4 Rc1+ 29. Rxc1 Rxc1+ 30. Kh2 Nd3 31. Re2 h6 32. g3 Nb4 33.
Kg2 Nd5 34. Rb2 Rc7 35. Nd2 Rd7 36. Nf3 Ne7 37. Rb4 g5 38. hxg5 hxg5 39. Ra4
Nf5 40. Rb4 Ke7 41. Ra4 Rc7 42. Ra5 1/2-1/2

[Event "2BLS 1819 SC Eppingen - TSV Schönaich"]
[Site "?"]
[Date "2018.12.16"]
[Round "4.7"]
[White "Plenca, Julijan"]
[Black "Hacker, Jonas"]
[Result "0-1"]
[WhiteElo "2415"]
[BlackElo "2373"]
[PlyCount "96"]
[EventDate "2018.??.??"]

1. e4 e5 2. Nf3 Nc6 3. Nc3 Nf6 4. d4 exd4 5. Nxd4 Bb4 6. Nxc6 bxc6 7. Bd3 d5 8.
exd5 cxd5 9. O-O O-O 10. a3 Be7 11. Bg5 c6 12. b4 a5 13. Rb1 Bg4 14. Qd2 Be6
15. Bf4 axb4 16. axb4 Nd7 17. Rfe1 Bf6 18. Bg3 Nb6 19. Ne2 Na4 20. Qe3 Re8 21.
Qf3 c5 22. Bb5 Bd7 23. Bxd7 Qxd7 24. b5 Nb6 25. Red1 Ra5 26. Nf4 Rxb5 27. Rxb5
Qxb5 28. Nxd5 Nxd5 29. Qxd5 Qe2 30. Qd3 h5 31. h4 c4 32. Qd2 Qxd2 33. Rxd2 Re1+
34. Kh2 c3 35. Rd5 g6 36. Rd6 Kg7 37. Bf4 Bxh4 38. Rc6 Bf6 39. Bh6+ Kxh6 40.
Rxf6 Kg7 41. Rc6 Re2 42. Rxc3 Rxf2 43. Rc6 g5 44. c4 h4 45. Kh3 Rc2 46. c5 Rc3+
47. Kh2 g4 48. Rc8 Rc1 0-1

[Event "2BLS 1819 SC Eppingen - TSV Schönaich"]
[Site "?"]
[Date "2018.12.16"]
[Round "4.8"]
[White "Gibicar, Danijel"]
[Black "Lorscheid, Gerhard"]
[Result "1-0"]
[WhiteElo "2290"]
[BlackElo "2197"]
[PlyCount "87"]
[EventDate "2018.??.??"]

1. e4 d6 2. d4 Nf6 3. Nc3 e5 4. Nf3 Nbd7 5. Bc4 Be7 6. O-O Nb6 7. Bd3 exd4 8.
Nxd4 O-O 9. Qf3 Nfd7 10. Nf5 Bf6 11. Ne3 Ne5 12. Qe2 c6 13. f4 Nxd3 14. cxd3
Bd4 15. Qf3 d5 16. Ne2 dxe4 17. dxe4 Bc5 18. b4 Bxb4 19. Bb2 Bc5 20. Rac1 Qd2
21. Rxc5 Qxb2 22. Rc2 Qa3 23. f5 Nd7 24. Qg3 f6 25. Nf4 Ne5 26. Kh1 Qe7 27. Rd1
Rd8 28. Rxd8+ Qxd8 29. Nh5 g6 30. fxg6 hxg6 31. Rf2 Qd4 32. Nxf6+ Kg7 33. Qh4
Bf5 34. Nh5+ Kf7 35. Qf6+ Ke8 36. Qh8+ Ke7 37. Qxa8 Qxe3 38. Qxb7+ Kd8 39. Qb8+
Kd7 40. Qb7+ Kd8 41. Qb8+ Kd7 42. Nf6+ Ke6 43. exf5+ Kxf6 44. fxg6+ 1-0

[Event "2BLS 1819 SF Bad Mergentheim - SV Jedes"]
[Site "?"]
[Date "2018.12.16"]
[Round "4.1"]
[White "Krassowizkij, Jaroslaw"]
[Black "Rakotomaharo, Fy Antenaina"]
[Result "1/2-1/2"]
[WhiteElo "2473"]
[BlackElo "2429"]
[PlyCount "132"]
[EventDate "2018.??.??"]

1. d4 e6 2. e4 d5 3. Nc3 dxe4 4. Nxe4 Nd7 5. Nf3 Ngf6 6. Bd3 Be7 7. Qe2 c5 8.
Bg5 Nxe4 9. Bxe7 Qxe7 10. Qxe4 a6 11. O-O-O Nf6 12. Qe5 b6 13. Nd2 Bb7 14. Nc4
Rd8 15. dxc5 bxc5 16. Na5 Bd5 17. f3 O-O 18. c4 Ba8 19. Bc2 Qa7 20. Rxd8 Rxd8
21. Rd1 Rxd1+ 22. Kxd1 Qb6 23. Ba4 h5 24. Nb3 Qb4 25. Nxc5 Qxc4 26. Qb8+ Kh7
27. Bc2+ g6 28. Nd3 Bd5 29. Qf4 Kg7 30. Qxc4 Bxc4 31. b3 Bd5 32. a4 h4 33. Ke2
Nd7 34. a5 Kf6 35. Nb4 Bb7 36. Bd3 Nc5 37. Bc4 Ke5 38. Ke3 g5 39. Nd3+ Kd6 40.
b4 Nd7 41. f4 f6 42. fxg5 fxg5 43. Ne1 Nf6 44. Nf3 Nd5+ 45. Bxd5 Bxd5 46. g3
hxg3 47. hxg3 Bxf3 48. Kxf3 Kd5 49. Kg4 e5 50. Kxg5 e4 51. Kf4 Kd4 52. b5 e3
53. bxa6 e2 54. a7 e1=Q 55. a8=Q Qe5+ 56. Kg4 Qe6+ 57. Kg5 Qe5+ 58. Kh4 Qf6+
59. Kh3 Qh6+ 60. Kg2 Qd2+ 61. Kf3 Qe3+ 62. Kg4 Qe6+ 63. Kg5 Qe5+ 64. Kh6 Qf6+
65. Kh5 Qf5+ 66. Kh4 Qf6+ 1/2-1/2

[Event "2BLS 1819 SF Bad Mergentheim - SV Jedes"]
[Site "?"]
[Date "2018.12.16"]
[Round "4.2"]
[White "Karpatchev, Aleksandr"]
[Black "Kessler, Luca"]
[Result "0-1"]
[WhiteElo "2407"]
[BlackElo "2420"]
[PlyCount "86"]
[EventDate "2018.??.??"]

1. e4 c5 2. Nf3 e6 3. c3 Nf6 4. e5 Nd5 5. d4 cxd4 6. cxd4 d6 7. Bc4 Be7 8. O-O
O-O 9. Qe2 b6 10. Rd1 Bb7 11. Bxd5 Bxd5 12. Nc3 Qd7 13. Ng5 Qb7 14. Qg4 Nd7 15.
Bf4 dxe5 16. dxe5 Bc6 17. Rd3 Bxg5 18. Qxg5 f6 19. Qg4 fxe5 20. Rg3 Rf7 21. Bh6
Nf8 22. Bg5 Ng6 23. h4 Nf4 24. h5 Raf8 25. h6 g6 26. Bxf4 exf4 27. Rd3 Qe7 28.
Re1 e5 29. Ne4 Qb4 30. Qe2 Qxe4 31. Qxe4 Bxe4 32. Rxe4 Re7 33. Rd5 Rfe8 34. Kh2
Kf7 35. Kh3 g5 36. Kg4 Kg6 37. Rd6+ Re6 38. Rxe5 Rxd6 39. Rxe8 Kxh6 40. Re7 Kg6
41. Rxa7 Rd3 42. f3 h5+ 43. Kh3 g4+ 0-1

[Event "2BLS 1819 SF Bad Mergentheim - SV Jedes"]
[Site "?"]
[Date "2018.12.16"]
[Round "4.3"]
[White "Pikula, Dejan"]
[Black "Ikonnikov, Vyacheslav"]
[Result "1/2-1/2"]
[WhiteElo "2486"]
[BlackElo "2541"]
[PlyCount "115"]
[EventDate "2018.??.??"]

1. e4 c5 2. Nf3 Nc6 3. Bb5 g6 4. Bxc6 dxc6 5. d3 Bg7 6. h3 b6 7. Nc3 Nh6 8. Be3
f6 9. Qd2 Nf7 10. O-O-O e5 11. Nh2 Be6 12. f4 exf4 13. Bxf4 Qe7 14. Nf3 O-O-O
15. Kb1 Kb7 16. Rde1 Qd7 17. Rhf1 Rhf8 18. Rf2 Ne5 19. Bh6 Nxf3 20. Rxf3 Bxh6
21. Qxh6 Rf7 22. b3 Qd4 23. Ne2 Qe5 24. Qf4 Rdf8 25. Ref1 Qxf4 26. Nxf4 Bd7 27.
g4 Kc7 28. Kc1 Kd8 29. Kd2 Ke7 30. Ke3 a5 31. a4 Be6 32. Rg3 Kd6 33. h4 Rg8 34.
g5 f5 35. h5 gxh5 36. Nxh5 fxe4 37. Rxf7 Bxf7 38. Nf6 Rg7 39. dxe4 h6 40. e5+
Ke6 41. Ne4 hxg5 42. Rxg5 Rh7 43. Nd6 Rh6 44. Nc4 Bg6 45. Rg2 b5 46. Nxa5 bxa4
47. bxa4 Rh3+ 48. Kd2 Be4 49. Re2 Kxe5 50. Nxc6+ Kd6 51. Na5 Bd5 52. Re3 Rh4
53. Ra3 c4 54. Rg3 c3+ 55. Kxc3 Rxa4 56. Rg6+ Ke5 57. Nb3 Bxb3 58. cxb3 1/2-1/2

[Event "2BLS 1819 SF Bad Mergentheim - SV Jedes"]
[Site "?"]
[Date "2018.12.16"]
[Round "4.4"]
[White "Kazakovskiy, Valeriy"]
[Black "Lukovic, Vladimir"]
[Result "1-0"]
[WhiteElo "2434"]
[BlackElo "2428"]
[PlyCount "71"]
[EventDate "2018.??.??"]

1. d4 d5 2. c4 c6 3. Nf3 Nf6 4. g3 g6 5. Bg2 Bg7 6. Nbd2 O-O 7. O-O Bf5 8. b3
Ne4 9. Bb2 Qa5 10. h3 Rd8 11. a3 Bh6 12. e3 Nd7 13. g4 Nxd2 14. Qxd2 Qxd2 15.
Nxd2 Be6 16. Rac1 Rac8 17. f4 b5 18. cxb5 cxb5 19. Bc3 Nb8 20. Ba5 Re8 21. Bb4
f5 22. gxf5 gxf5 23. Nb1 Nc6 24. Nc3 Nxb4 25. axb4 Kf7 26. Nxb5 Bd7 27. Bxd5+
Kf6 28. Nxa7 Rb8 29. Rc7 Red8 30. Nc6 Bxc6 31. Rxc6+ Rd6 32. Rxd6+ exd6 33. Rc1
Rxb4 34. Rc7 Bg7 35. h4 h5 36. Bf7 1-0

[Event "2BLS 1819 SF Bad Mergentheim - SV Jedes"]
[Site "?"]
[Date "2018.12.16"]
[Round "4.5"]
[White "Beletic, Daniel"]
[Black "Gasthofer, Alexander"]
[Result "1/2-1/2"]
[WhiteElo "2365"]
[BlackElo "2419"]
[PlyCount "75"]
[EventDate "2018.??.??"]

1. d4 d5 2. Bf4 Nf6 3. e3 Bf5 4. c4 e6 5. Nc3 Bb4 6. Qa4+ Nc6 7. Nf3 O-O 8. a3
Bxc3+ 9. bxc3 Ne4 10. Rc1 g5 11. Bg3 h5 12. h4 Nxg3 13. fxg3 g4 14. Nd2 Qd6 15.
Kf2 e5 16. cxd5 exd4 17. cxd4 Qxd5 18. Rc5 Qa2 19. Rxf5 Qxd2+ 20. Be2 Rfe8 21.
Qc4 Qxe3+ 22. Kf1 Re7 23. Rg5+ Kf8 24. Rxh5 Nxd4 25. Rh8+ Kg7 26. Rxa8 Re6 27.
h5 Rf6+ 28. Ke1 Qxg3+ 29. Kd1 Rd6 30. h6+ Kf6 31. Bd3 Nf5 32. h7 Rxd3+ 33. Kc2
Ne3+ 34. Kxd3 Nxc4+ 35. Kxc4 Qf4+ 36. Kd3 Qg3+ 37. Kc4 Qf4+ 38. Kd3 1/2-1/2

[Event "2BLS 1819 SF Bad Mergentheim - SV Jedes"]
[Site "?"]
[Date "2018.12.16"]
[Round "4.6"]
[White "Ivanov, Mikhail M"]
[Black "Anistratov, Dmitriy"]
[Result "1-0"]
[WhiteElo "2383"]
[BlackElo "2306"]
[PlyCount "69"]
[EventDate "2018.??.??"]

1. d4 Nf6 2. c4 d6 3. Nc3 Nbd7 4. e4 c6 5. Be3 e5 6. d5 Be7 7. f3 O-O 8. Qd2 a6
9. Bd3 Ne8 10. Nge2 h6 11. g3 Bg5 12. f4 exf4 13. gxf4 Bh4+ 14. Ng3 Ndf6 15.
O-O-O Ng4 16. Bg1 Bd7 17. Qg2 Qc7 18. Kb1 Bxg3 19. Qxg3 f5 20. exf5 Ngf6 21.
Bf2 b5 22. dxc6 Bxc6 23. Rhg1 b4 24. Nd5 Bxd5 25. cxd5 Kh8 26. Bd4 Qf7 27. Qh4
Qh5 28. Qf2 a5 29. Rde1 Qf7 30. Re6 Rc8 31. Qh4 a4 32. Bb5 a3 33. Bxe8 Rcxe8
34. Bxf6 gxf6 35. Rg6 1-0

[Event "2BLS 1819 SF Bad Mergentheim - SV Jedes"]
[Site "?"]
[Date "2018.12.16"]
[Round "4.7"]
[White "Trussevich, Sergey"]
[Black "Reinhardt, Bernd"]
[Result "1/2-1/2"]
[WhiteElo "2287"]
[BlackElo "2172"]
[PlyCount "86"]
[EventDate "2018.??.??"]

1. c4 c5 2. Nf3 Nf6 3. d4 cxd4 4. Nxd4 b6 5. f3 e6 6. e4 Bb4+ 7. Nc3 O-O 8. Bg5
h6 9. Bh4 g5 10. Bf2 Nc6 11. Nxc6 Bxc3+ 12. bxc3 dxc6 13. Qc1 Nh7 14. c5 e5 15.
a4 Bd7 16. Bc4 Re8 17. O-O Be6 18. Rd1 Qc7 19. Be2 Nf8 20. h4 f6 21. Qa3 Ng6
22. hxg5 Nf4 23. Bf1 hxg5 24. Rab1 g4 25. fxg4 Qg7 26. c4 Bxg4 27. Rd2 Red8 28.
Rbb2 bxc5 29. Bxc5 Be6 30. Kf2 Rxd2+ 31. Rxd2 Kf7 32. Rb2 Bc8 33. g3 Ne6 34.
Be2 Qh7 35. Be3 Qh2+ 36. Ke1 Qxg3+ 37. Kd2 Nf4 38. Qd3 Ba6 39. Qd7+ Kg8 40.
Qg4+ Qxg4 41. Bxg4 Bxc4 42. Rb7 a6 43. Kc3 Bf7 1/2-1/2

[Event "2BLS 1819 SF Bad Mergentheim - SV Jedes"]
[Site "?"]
[Date "2018.12.16"]
[Round "4.8"]
[White "Gross, Willi"]
[Black "Hofer, Emilian"]
[Result "1/2-1/2"]
[WhiteElo "2128"]
[BlackElo "2202"]
[PlyCount "98"]
[EventDate "2018.??.??"]

1. d4 d5 2. Bf4 Nf6 3. e3 c5 4. c3 Nc6 5. Nd2 cxd4 6. exd4 Bf5 7. Ngf3 a6 8.
Ne5 h6 9. Bd3 Bxd3 10. Nxd3 e6 11. Nf3 Be7 12. Nfe5 Rc8 13. O-O O-O 14. Re1
Nxe5 15. Nxe5 b5 16. a3 Ne4 17. Qh5 Bg5 18. Bxg5 Qxg5 19. Qxg5 hxg5 20. Nd3
Rfe8 21. f3 Nd2 22. Re2 Nc4 23. a4 f6 24. axb5 axb5 25. Ra6 e5 26. dxe5 Nxe5
27. Nxe5 Rxe5 28. Rxe5 fxe5 29. Re6 g4 30. Rxe5 gxf3 31. gxf3 b4 32. Re3 bxc3
33. bxc3 Kf7 34. Kf2 Kf6 35. f4 Rc4 36. Kf3 d4 37. cxd4 Rxd4 38. Ra3 Rd6 39.
Kg4 g6 40. h4 Rb6 41. Ra5 Rc6 42. Ra1 Rc5 43. Ra6+ Kg7 44. Re6 Rc1 45. Ra6 Rg1+
46. Kf3 Rh1 47. Kg4 Rg1+ 48. Kf3 Rh1 49. Kg4 Rg1+ 1/2-1/2

[Event "2BLS 1819 OSG Baden-Baden II - SC Emmen"]
[Site "?"]
[Date "2019.03.22"]
[Round "4.1"]
[White "Bauer, Christian"]
[Black "Muzychuk, Mariya"]
[Result "1/2-1/2"]
[WhiteElo "2654"]
[BlackElo "2560"]
[PlyCount "78"]
[EventDate "2019.??.??"]

1. Nf3 c5 2. b3 Nc6 3. Bb2 d5 4. e3 a6 5. g3 Nf6 6. Bg2 Bg4 7. h3 Bh5 8. d3 e6
9. Nbd2 Bd6 10. a3 h6 11. O-O e5 12. c4 d4 13. exd4 cxd4 14. b4 O-O 15. Qb3 Qd7
16. Rfe1 Rfe8 17. c5 Bc7 18. Rac1 Rad8 19. Nh2 Bg6 20. Rcd1 Bf5 21. h4 Be6 22.
Qc2 Bd5 23. Nhf3 Ng4 24. Qb1 f5 25. Ba1 Qf7 26. Nh2 Bxg2 27. Kxg2 Nxh2 28. Kxh2
e4 29. dxe4 fxe4 30. Qb3 e3 31. Qxf7+ Kxf7 32. Nc4 exf2 33. Rf1 Re2 34. Kg2 Ke6
35. Rxf2 Rxf2+ 36. Kxf2 Kd5 37. Ne3+ Ke4 38. Nc4 Kd5 39. Ne3+ Ke4 1/2-1/2

[Event "2BLS 1819 OSG Baden-Baden II - SC Emmen"]
[Site "?"]
[Date "2019.03.22"]
[Round "4.2"]
[White "Gozzoli, Yannick"]
[Black "Rausis, Igors"]
[Result "1/2-1/2"]
[WhiteElo "2633"]
[BlackElo "2657"]
[PlyCount "25"]
[EventDate "2019.??.??"]

1. d4 d5 2. c4 dxc4 3. Nf3 Nf6 4. e3 c5 5. Bxc4 e6 6. O-O Nc6 7. Qe2 cxd4 8.
Rd1 Be7 9. Nxd4 Nxd4 10. exd4 O-O 11. Nc3 Re8 12. d5 Bd6 13. dxe6 1/2-1/2

[Event "2BLS 1819 OSG Baden-Baden II - SC Emmen"]
[Site "?"]
[Date "2019.03.22"]
[Round "4.3"]
[White "Hera, Imre Jr"]
[Black "Martin, Julian"]
[Result "1/2-1/2"]
[WhiteElo "2605"]
[BlackElo "2375"]
[PlyCount "74"]
[EventDate "2019.??.??"]

1. Nf3 Nf6 2. g3 g6 3. b3 Bg7 4. Bb2 d5 5. c4 c6 6. Bg2 O-O 7. O-O Nbd7 8. Qc2
Re8 9. Nc3 dxc4 10. bxc4 e5 11. d3 Nc5 12. Rab1 Qc7 13. Ba3 Ne6 14. e3 Nf8 15.
Nd2 Bf5 16. Nce4 Nxe4 17. Nxe4 Bxe4 18. Bxe4 b6 19. Bb2 Ne6 20. Rfd1 Rad8 21.
Qa4 Rc8 22. Bg2 Nc5 23. Qc2 Rcd8 24. Ba3 Bf8 25. Rd2 Re6 26. Rbd1 Ree8 27. h4
h5 28. Bb2 Bg7 29. d4 exd4 30. exd4 Ne6 31. d5 cxd5 32. Bxd5 Kh7 33. Bxg7 Kxg7
34. Qb2+ Kh7 35. Rd3 Nc5 36. Rf3 f5 37. Qc2 Re5 1/2-1/2

[Event "2BLS 1819 OSG Baden-Baden II - SC Emmen"]
[Site "?"]
[Date "2019.03.22"]
[Round "4.5"]
[White "Korpa, Bence"]
[Black "Bellahcene, Bilel"]
[Result "1-0"]
[WhiteElo "2503"]
[BlackElo "2560"]
[PlyCount "79"]
[EventDate "2019.??.??"]

1. d4 Nf6 2. Nf3 e6 3. Bf4 d5 4. e3 c5 5. c3 Nc6 6. Nbd2 Bd6 7. Bg3 O-O 8. Bd3
b6 9. Qe2 Bb7 10. Rd1 Re8 11. e4 Be7 12. e5 Nh5 13. h4 g6 14. Bh2 cxd4 15. Nxd4
Bxh4 16. g4 Ng7 17. Bf4 Nxd4 18. cxd4 f5 19. Bh6 Rf8 20. gxf5 exf5 21. Qe3 Rf7
22. Nf3 Be7 23. e6 Bb4+ 24. Kf1 Re7 25. Ng5 Bc8 26. a3 f4 27. Qf3 Bd6 28. Nf7
Qc7 29. Bxg7 Bxe6 30. Nxd6 Rxg7 31. Nc4 Rf8 32. Ne5 Qc8 33. Kg2 h5 34. Bxg6 Rf5
35. Rxh5 Rxe5 36. dxe5 Rxg6+ 37. Kh2 Kg7 38. Qxf4 Bg4 39. Rg5 Qh8+ 40. Kg1 1-0

[Event "2BLS 1819 OSG Baden-Baden II - SC Emmen"]
[Site "?"]
[Date "2019.03.22"]
[Round "4.6"]
[White "Schmaltz, Roland"]
[Black "Sokolov, Andrei"]
[Result "1/2-1/2"]
[WhiteElo "2452"]
[BlackElo "2497"]
[PlyCount "38"]
[EventDate "2019.??.??"]

1. e4 c5 2. Nf3 e6 3. d4 cxd4 4. Nxd4 Nf6 5. Nc3 d6 6. Be3 Be7 7. g4 h5 8. gxh5
Rxh5 9. Qf3 Nc6 10. O-O-O Nxd4 11. Bxd4 Qa5 12. Rg1 Kf8 13. Qg3 g6 14. Bc4 b5
15. Bb3 b4 16. Qf3 Re5 17. Qg3 Rh5 18. Qf3 Re5 19. Qg3 Rh5 1/2-1/2

[Event "2BLS 1819 OSG Baden-Baden II - SC Emmen"]
[Site "?"]
[Date "2019.03.22"]
[Round "4.7"]
[White "Miezis, Normunds"]
[Black "Mutschnik, Illya"]
[Result "1-0"]
[WhiteElo "2464"]
[BlackElo "2398"]
[PlyCount "57"]
[EventDate "2019.??.??"]

1. c4 e5 2. Nc3 Nc6 3. g3 g6 4. Bg2 Bg7 5. e4 d6 6. Nge2 h5 7. h4 Be6 8. d3 Qd7
9. Nd5 Nh6 10. Bg5 Ng4 11. f3 f6 12. Bd2 Nh6 13. Qb3 O-O-O 14. Qa3 Kb8 15. b4
Nd4 16. Nxd4 exd4 17. b5 Nf7 18. Nb4 Rde8 19. Rb1 Nd8 20. Kf2 f5 21. f4 Qc8 22.
exf5 Bxf5 23. Na6+ Ka8 24. Ba5 Ne6 25. Bxc7 Bxd3 26. Bxd6 Bxb1 27. b6 Qxc4 28.
Nc7+ Kb8 29. bxa7+ 1-0

[Event "2BLS 1819 OSG Baden-Baden II - SC Emmen"]
[Site "?"]
[Date "2019.03.22"]
[Round "4.8"]
[White "Kachiani-Gersinska, Ketino"]
[Black "Burri, Quentin"]
[Result "1/2-1/2"]
[WhiteElo "2304"]
[BlackElo "2422"]
[PlyCount "45"]
[EventDate "2019.??.??"]

1. Nf3 c5 2. c4 Nc6 3. g3 e5 4. Nc3 g6 5. a3 Bg7 6. Rb1 Nge7 7. Bg2 a5 8. d3
O-O 9. Bg5 f6 10. Bd2 d6 11. O-O Be6 12. Qb3 Qd7 13. Rfc1 Rfd8 14. Qd1 Rab8 15.
Ne1 b6 16. Nd5 Bf7 17. b4 axb4 18. axb4 Nxd5 19. cxd5 Ne7 20. e4 Ra8 21. bxc5
bxc5 22. Nc2 Ra2 23. Ne3 1/2-1/2

[Event "2BLS 1819 SC Heusenstamm - FB Mörlenba"]
[Site "?"]
[Date "2018.12.16"]
[Round "4.1"]
[White "Kunin, Vitaly"]
[Black "Sadzikowski, Daniel"]
[Result "1/2-1/2"]
[WhiteElo "2535"]
[BlackElo "2533"]
[PlyCount "129"]
[EventDate "2018.??.??"]

1. d4 Nf6 2. c4 e6 3. Nf3 d5 4. Bg5 h6 5. Bxf6 Qxf6 6. Nbd2 Nd7 7. Qc2 dxc4 8.
Qxc4 c5 9. e3 cxd4 10. Nxd4 Be7 11. Be2 O-O 12. O-O Nb6 13. Qc7 Nd5 14. Qg3 Qg5
15. Qxg5 Bxg5 16. Nc4 Rd8 17. Rfd1 Bd7 18. Bf3 Ba4 19. b3 Be8 20. Ne2 Rac8 21.
e4 Nb4 22. Nd6 Rc2 23. a3 Nc6 24. Nxb7 Rxd1+ 25. Rxd1 Ne5 26. Nd4 Nxf3+ 27.
gxf3 Ra2 28. Nd6 Kf8 29. Nc4 Bh4 30. Rd2 Rxd2 31. Nxd2 Bf6 32. Nc2 Ke7 33. Nc4
Bb5 34. Kf1 a5 35. N2e3 a4 36. bxa4 Bxa4 37. Ke2 Bd4 38. Kd3 Bc5 39. Kc3 g6 40.
f4 f5 41. exf5 gxf5 42. Nb2 Bc6 43. Nd3 Ba7 44. Ne5 Be8 45. Kb4 Kd6 46. a4 Bh5
47. a5 Kc7 48. Kc4 Be2+ 49. Kc3 h5 50. Nc2 Bxf2 51. Nd4 Be1+ 52. Kc2 Ba6 53.
Nxe6+ Kd6 54. Ng7 Bxa5 55. Nxh5 Kd5 56. Ng3 Bc7 57. Ng6 Ke6 58. h4 Kf6 59. h5
Bc4 60. Ne5 Bxe5 61. fxe5+ Kxe5 62. h6 Kf6 63. Nxf5 Kg6 64. Kc3 Be6 65. Ng3
1/2-1/2

[Event "2BLS 1819 SC Heusenstamm - FB Mörlenba"]
[Site "?"]
[Date "2018.12.16"]
[Round "4.2"]
[White "Poetsch, Hagen"]
[Black "Galdunts, Sergey"]
[Result "1/2-1/2"]
[WhiteElo "2511"]
[BlackElo "2418"]
[PlyCount "38"]
[EventDate "2018.??.??"]

1. e4 d6 2. d4 Nf6 3. Nc3 g6 4. f4 Bg7 5. Nf3 c5 6. Bb5+ Bd7 7. e5 Ng4 8. Bxd7+
Qxd7 9. h3 cxd4 10. Qxd4 Nc6 11. Qe4 Nh6 12. g4 O-O-O 13. Be3 dxe5 14. fxe5 f5
15. Qc4 fxg4 16. Bxh6 Bxh6 17. hxg4 Bd2+ 18. Ke2 Bxc3 19. Rad1 Qc7 1/2-1/2

[Event "2BLS 1819 SC Heusenstamm - FB Mörlenba"]
[Site "?"]
[Date "2018.12.16"]
[Round "4.3"]
[White "Dittmar, Peter"]
[Black "Polak, Tomas"]
[Result "1/2-1/2"]
[WhiteElo "2222"]
[BlackElo "2508"]
[PlyCount "95"]
[EventDate "2018.??.??"]

1. Nf3 Nf6 2. c4 b6 3. e3 Bb7 4. b3 g6 5. Bb2 Bg7 6. Be2 c5 7. O-O O-O 8. d4
cxd4 9. Nxd4 Na6 10. Nc3 Nc5 11. Rc1 Rc8 12. b4 Nce4 13. Nxe4 Nxe4 14. f3 Nf6
15. e4 Nh5 16. Qd2 Qc7 17. f4 Nf6 18. e5 Ne4 19. Qe3 f5 20. Rfd1 a6 21. c5 bxc5
22. bxc5 g5 23. c6 Bxc6 24. Nxc6 dxc6 25. Bc4+ Kh8 26. Be6 gxf4 27. Qxf4 Qb6+
28. Bd4 c5 29. Bxc8 cxd4 30. Bxf5 Nc3 31. Qg4 Bh6 32. Bd3 Bxc1 33. Rxc1 Qh6 34.
Rf1 Rxf1+ 35. Bxf1 Qe3+ 36. Kh1 Qxe5 37. Qc8+ Kg7 38. Qg4+ Kf8 39. Qc8+ Kg7 40.
Qg4+ Kf8 41. Qc8+ Kf7 42. Bc4+ Nd5 43. h3 e6 44. Qb7+ Ne7 45. Qxa6 Qe1+ 46. Kh2
Qe5+ 47. Kh1 Qe1+ 48. Kh2 1/2-1/2

[Event "2BLS 1819 SC Heusenstamm - FB Mörlenba"]
[Site "?"]
[Date "2018.12.16"]
[Round "4.5"]
[White "Beck, Daniel"]
[Black "Klekowski, Maciej"]
[Result "0-1"]
[WhiteElo "2132"]
[BlackElo "2499"]
[PlyCount "114"]
[EventDate "2018.??.??"]

1. e4 c5 2. Nf3 Nc6 3. Nc3 e5 4. Bc4 Be7 5. d3 d6 6. O-O Bg4 7. h3 Bh5 8. Nd5
Nf6 9. c3 a6 10. a4 Nxd5 11. Bxd5 h6 12. g4 Bg6 13. Kg2 h5 14. Nd2 Bg5 15. Nc4
Bxc1 16. Rxc1 Ne7 17. Ne3 Nxd5 18. Nxd5 Rb8 19. Qe2 f6 20. d4 Rc8 21. dxc5 Rxc5
22. b4 Rc6 23. a5 Bf7 24. Rfd1 Be6 25. c4 Kf7 26. Ne3 Qc7 27. Rc2 g6 28. Nd5
Qc8 29. Qf3 Bxd5 30. Rxd5 hxg4 31. hxg4 Rh4 32. c5 Qxg4+ 33. Qxg4 Rxg4+ 34. Kf3
f5 35. exf5 gxf5 36. Rb2 Rf4+ 37. Kg3 dxc5 38. Rxe5 Rg4+ 39. Kf3 Rxb4 40. Rxb4
cxb4 41. Rxf5+ Ke6 42. Rf4 b5 43. Rxb4 Rc3+ 44. Ke4 Ra3 45. Rd4 Rxa5 46. f4 Ra1
47. f5+ Ke7 48. Ke5 Re1+ 49. Kf4 a5 50. Rd5 Rb1 51. Ke5 a4 52. f6+ Ke8 53. Ke6
Re1+ 54. Kf5 a3 55. Rxb5 a2 56. Rb8+ Kf7 57. Rb7+ Kf8 0-1

[Event "2BLS 1819 SC Heusenstamm - FB Mörlenba"]
[Site "?"]
[Date "2018.12.16"]
[Round "4.6"]
[White "Barski, Radoslaw"]
[Black "Klings, Peter"]
[Result "1/2-1/2"]
[WhiteElo "2467"]
[BlackElo "2101"]
[PlyCount "117"]
[EventDate "2018.??.??"]

1. e4 c6 2. d4 d5 3. e5 Bf5 4. Nf3 e6 5. Be2 Ne7 6. O-O Ng6 7. c3 Nd7 8. Bd3
Bxd3 9. Qxd3 c5 10. g3 Ne7 11. h4 Nc6 12. Be3 Be7 13. Nbd2 c4 14. Qc2 b5 15.
Ng5 h6 16. Nxe6 fxe6 17. Qg6+ Kf8 18. f4 Bf6 19. exf6 Qxf6 20. f5 Qxg6 21.
fxg6+ Nf6 22. Nf3 Ke8 23. Ne5 Ne7 24. Rae1 Ne4 25. g4 h5 26. Nf7 Rg8 27. gxh5
Nf5 28. Ng5 Nxg5 29. Bxg5 Kd7 30. Rxf5 exf5 31. Re7+ Kc6 32. Re6+ Kd7 33. Re7+
Kc6 34. Rf7 Rae8 35. Be7 a5 36. a3 b4 37. axb4 axb4 38. cxb4 Ra8 39. Rxf5 Ra2
40. Rf2 Rh8 41. Bg5 Rxh5 42. Kg2 Rh8 43. Kg3 Kb5 44. Rf7 Rg8 45. Rf5 Rxb2 46.
Rxd5+ Kxb4 47. Rd7 c3 48. d5 c2 49. Rb7+ Kc3 50. Rc7+ Kd3 51. d6 Rb5 52. Kg4
Rd5 53. d7 Ra8 54. Kg3 Rxg5+ 55. hxg5 Rd8 56. Kf4 Kd4 57. Rxc2 Kd5 58. Rd2+ Ke6
59. Re2+ 1/2-1/2

[Event "2BLS 1819 SC Heusenstamm - FB Mörlenba"]
[Site "?"]
[Date "2018.12.16"]
[Round "4.7"]
[White "Wohlfart, Paulus"]
[Black "Weichhold, Pawel"]
[Result "0-1"]
[WhiteElo "2089"]
[BlackElo "2422"]
[PlyCount "66"]
[EventDate "2018.??.??"]

1. d4 Nf6 2. c4 g6 3. Nc3 Bg7 4. e4 d6 5. Bd3 O-O 6. Nge2 Nc6 7. O-O e5 8. d5
Nd4 9. Bg5 h6 10. Bh4 c5 11. Rb1 a5 12. a3 Qb6 13. Bxf6 Bxf6 14. b3 Bg4 15. h3
Bd7 16. Nxd4 exd4 17. Ne2 Qd8 18. Qd2 Bg7 19. b4 axb4 20. axb4 b6 21. Ra1 Qh4
22. b5 g5 23. Ra6 Be5 24. f4 gxf4 25. Nxf4 Rxa6 26. bxa6 Ra8 27. Be2 Qg5 28.
Kh2 Rxa6 29. g3 Ra3 30. Rf3 Rc3 31. Rxc3 dxc3 32. Qc1 Bxf4 33. gxf4 Qh4 0-1